00707 a2200157 4500003000500000005001700005020001500022040000900037082001500046100001900061245005000080260003000130300001000160505034700170650003200517Nust20221216121001.0 a0839141149 cNust a306.44,MIL aMlroy , Lesley aLanguage And Socil Networks / cLesley Milroy aBritianbUniversity Press a218:p aLanguage, Class and Community (Paeg-1), Obtaining Data in the Speech Community (Paeg-23), Studing Language in the Community (Paeg-40), The Social Context Of Speech Events (Paeg-70), The Quantitaive Analysis of Linguistic Data (Paeg-109), The Language of the Individual Speaker (Paeg-139), Conclusions and Theoretical Implications (Paeg-173). aLanguage And Socil Networks